000 00329nam a2200145Ia 4500
008 230605s2000 xx 000 0 und d
041 _aeng
245 _aOrganisation Design and Development
260 _bZerox Copy
_c2000
300 _a62
365 _b34.8
500 _a210
520 _aGeneral
650 _aOrganisation
999 _c418246
_d418246